000 00348nam a2200133Ia 4500
005 20260328101516.0
008 260328s9999||||xx |||||||||||||| ||und||
100 _aMuseum of Modern Art
245 0 _aWhat is Modern Architecture? /
_cMuseum of Modern Art
260 _bMuseum of Modern Art
300 _a36 p.
650 _aARQUITECTURA
942 _cBK
999 _c9398
_d9398